000 00918nam a2200277 a 4500
001 000048487
003 DO-SdBNP
005 20240502091133.0
007 ta
008 240502s1996 dr r 000 spa d
020 _a8484002322
040 _aDO-SdBNP
_bspa
_cBNPHU
_drda
082 _bR426e
_222
110 _aRepública Dominicana.
_bPresidencia de la República Dominicana, Museo Nacional de Historia y Geografia
_985362
245 0 _aExposición en homenaje a las hermansa Mirabal
264 _aSanto Domingo :
_bTaller,
_c1996
300 _a28 paginas. ;
_c28 cm.
336 _2rdacontent
_atexto
_btxt
337 _2rdamedia
_asin mediación
_bn
338 _2rdacarrier
_avolumen
_bnc
590 _aInventariado, 2024 / DG
650 4 _aDerecho
_zRepública Dominicana
_vÍNDICES
_953754
740 0 _aLey orgánica de las Fuerzas Armadas de la República Dominicana.
910 _aDG
942 _2ddc
_cLF2
999 _c56574
_d56574